青铜器常见难字读音 Pronunciation of common difficult characters on bronze ware - Statistics

General Stats
  • This quiz has been taken 41 times
  • The average score is 19 of 25
Answer Stats
类型 含义 读音 % Correct
乐器 大铃,形如铙、钲而有舌 duo2
97%
兵器 古代兵器。似斧而大,刃口呈弧形,长柄 yue4
97%
食器 祭祀时放祭品的器物 zu3
97%
兵器 箭头 zu2
94%
水/酒/乐器 大腹、大口、有盖或无盖的陶容器的泛称 fou3
92%
酒器 酒器,腹椭圆,上有提梁,底有圈足,兽头形盖,亦有整个酒器作兽形的 gong1
92%
水器 洗手的器皿 guan4
92%
乐器 打击乐器 nao2
89%
乐器 乐器名。形似钟而狭长,有柄可执,敲击发声 zheng1
89%
食器 煮牲肉的大型烹饪铜器 huo4
86%
食器 蒸食器具。底部有许多小孔,放在鬲上蒸煮食物 zeng4
86%
酒器 盛酒的容器。形状似壶而大 lei2
83%
食器 盛食物的器具。圆口,两耳 gui3
78%
乐器 乐器,形似钟而口缘平,器形巨大,有纽可悬挂 bo2
75%
酒/水器 小瓮 bu4
69%
酒器 温酒的铜制器具。形状像壶,有三条腿 he2
69%
酒器 盛酒的器具,喇叭形口,细腰,高圈足 gu1
67%
食器 炊具。样子像鼎,足部中空 li4
64%
酒器 酒器名。圆口,口上有两柱,三足,有把手 jia3
61%
食器 祭祀时盛谷物的方形器皿 fu3
58%
食器 盛食物的铜器,椭圆口,有盖,两耳,圈足或四足 xu3
56%
水器 盥洗时舀水用的器具 yi2
56%
酒器 盛酒的青铜器皿。口小腹大 you3
56%
食器 炊具。中部有箅(bì)子 yan3
44%
酒器 饮酒器皿,形似尊而小,或有盖 zhi4
33%
No matching quizzes found
Score Distribution
Percent of People with Each Score
Percentile by Number Answered
Your Score History
You have not taken this quiz